00203nam a2200073Ia 4500008004100000100002500041245004800066260001500114120527s9999 xx 000 0 und d aIKWUEMESI,C.K.et al. aA discursive bazaar writing on African art. bPan-Africa